Nr. 1 Hits in Deutschland 2023 - Statistiken

Allgemein
  • Dieses Quiz wurde 475 mal gespielt
  • Das Durchschnittsergebnis liegt bei 8 aus 20
Antwortstatistiken
Wochen auf Platz 1 Lied Interpret % Korrekt
21 Wochen Komet Udo Lindenberg & Apache 207
96%
1 Woche Atemlos durch die Nacht(10 Year Anniversary Version) Helene Fischer feat. Shirin David
92%
4 Wochen Friesenjung Ski Aggu feat. Joost &Otto Waalkes
88%
17 Wochen All I Want for Christmas Is You Mariah Carey
72%
3 Wochen Last Christmas Wham!
71%
1 Woche Flowers Miley Cyrus
69%
1 Woche Liebe Grüße RAF Camora feat. Ski Aggu
64%
2 Wochen Sie weiß Ayliva feat. Mero
48%
1 Woche I’m Good (Blue) David Guetta & Bebe Rexha
46%
6 Wochen 9 bis 9 Sira feat. Bausa & Badchieff
46%
1 Woche Hässlich Ayliva
43%
1 Woche All Night RAF Camora feat. Luciano
26%
1 Woche Summertime Kontra K feat. Lana Del Rey
25%
1 Woche Mädchen auf dem Pferd Luca-Dante Spadafora, Niklas Dee& Octavian
23%
2 Wochen Prada Cassö, Raye & D-Block Europe
9%
1 Woche Die Sonne Kontra K feat. Santos
7%
1 Woche Icecream Twenty4tim
6%
1 Woche Now and Then The Beatles
4%
1 Woche Hot or Not Twenty4tim feat. Kitty Kat
4%
1 Woche Si no estás Íñigo Quintero
1%
Keine übereinstimmenden Quizze gefunden
Verteilung der Resultate
Anzahl Personen mit jedem Resultat
Perzentil nach korrekt beantworteten Fragen
Ihre Resultats-Entwicklung
Sie haben dieses Quiz noch nicht gespielt